|
|
|
|
| LEADER |
00000nab a2200000uu 4500 |
| 001 |
vtls011450563 |
| 003 |
SK-MaSNL |
| 005 |
20260303153819.0 |
| 008 |
230222|1981 xo |||||||||||||||||eng| |
| 015 |
|
|
|a SNBRB
|
| 035 |
|
|
|a (urnnbn)urn:nbn:sk:snk:ar-006j0r
|
| 035 |
|
|
|a (uuid)0232d7d2-e0e4-429b-bb85-cfffcc545b6f
|
| 035 |
|
|
|a urn:nbn:sk:snk-abcmq2
|
| 040 |
|
|
|a SNKBUCL
|b slo
|c SNKBUCL
|e AACR2
|
| 041 |
0 |
|
|a eng
|
| 044 |
|
|
|a xo
|c SK
|
| 100 |
1 |
|
|a Šik, František,
|d 1921-2002
|4 aut
|9 207495
|
| 245 |
1 |
0 |
|a TOPOLOGY ON REGULATORS OF LATTICE ORDERED GROUPS :
|b I. TOPOLOGY INDUCED BY AN l-GROUP
|c František Šik
|
| 773 |
0 |
|
|t Mathematica Slovaca
|g Roč. 31, č. 4 (1981), s. 417-428
|
| 958 |
|
|
|a OND
|
| 958 |
|
|
|a EUIPO
|
| 958 |
|
|
|a article16
|
| 999 |
|
|
|c 2030321
|d 2032251
|